| 000 | 01028nam a2200313 a 4500 | ||
|---|---|---|---|
| 001 | 81488 | ||
| 003 | BD-RjUL | ||
| 005 | 20230530155031.0 | ||
| 008 | 230530s2013 caua b 001 0 eng | ||
| 020 | _a9780123821782 (hbk) | ||
| 035 | _a(BD-RjUL)81488 | ||
| 040 |
_aDLC _beng _cDLC _erda _dBD-RjUL |
||
| 041 | _aeng | ||
| 082 |
_223 _a547.7 _bRUP 2013 |
||
| 100 | 1 |
_aRudin, Alfred. _97764 |
|
| 245 | 1 | 4 |
_aThe elements of polymer science and engineering / _cAlfred Rudin, Phillip Choi. |
| 250 |
_aThird edition / _bAlfred Rudin, University of Waterloo, Phillip Choi, University of Alberta. |
||
| 264 | 1 |
_aSan Diego : _bElsevier/AP, _c[2013] |
|
| 300 |
_axx, 563 pages : _billustrations ; _c24 cm |
||
| 336 |
_atext _btxt _2rdacontent |
||
| 337 |
_aunmediated _bn _2rdamedia |
||
| 338 |
_avolume _bnc _2rdacarrier |
||
| 504 | _aIncludes bibliographical references and index. | ||
| 650 | 0 |
_aPolymers. _97765 |
|
| 650 | 0 |
_aPolymerization. _97766 |
|
| 700 | 1 |
_aChoi, Phillip. _97767 |
|
| 942 |
_2ddc _cBK |
||
| 999 |
_c81488 _d81488 |
||